Diễn xướng dân gian trong lễ hội ở Khánh Hoà

Tìm hiểu nghệ thuật diễn xướng ngồi đồng, múa bóng trong tục thờ mẫu ở Khánh Hoà, nghệ thuật hát bội trong lễ hội cầu ngư và hát mộc trong lễ kỳ an tá thổ ở nông thôn Khánh Hoà xưa

সংরক্ষণ করুন:
গ্রন্থ-পঞ্জীর বিবরন
প্রধান লেখক: Nguyễn Viết Trung
অন্যান্য লেখক: Nguyễn Tứ Hải
বিন্যাস: গ্রন্থ
ভাষা:Vietnamese
প্রকাশিত: H. Văn hoá Thông tin 2012
বিষয়গুলি:
ট্যাগগুলো: ট্যাগ যুক্ত করুন
কোনো ট্যাগ নেই, প্রথমজন হিসাবে ট্যাগ করুন!
Thư viện lưu trữ: Mạng thư viện Đại học Đà Nẵng
LEADER 01568aam a22003858a 4500
001 000018008
003 14435
005 20130821100855.0
008 130821s2012 viesd
020 |d 2000b 
041 0 |a vie 
082 1 4 |2 14  |a 390.0959756  |b NG-T 
100 1 |a Nguyễn Viết Trung 
245 1 0 |a Diễn xướng dân gian trong lễ hội ở Khánh Hoà  |c Nguyễn Viết Trung, Nguyễn Tứ Hải 
260 |a H.  |b Văn hoá Thông tin  |c 2012 
300 |a 167 tr.  |b ảnh  |c 21 cm. 
500 |a ĐTTS ghi: Hội Văn nghệ dân gian Việt Nam 
504 |a Phụ lục: tr. 75-157 
520 |a Tìm hiểu nghệ thuật diễn xướng ngồi đồng, múa bóng trong tục thờ mẫu ở Khánh Hoà, nghệ thuật hát bội trong lễ hội cầu ngư và hát mộc trong lễ kỳ an tá thổ ở nông thôn Khánh Hoà xưa 
650 0 4 |2 Bộ TK TVQG  |a Văn hóa dân gian  |x Diễn xướng  |z Khánh Hòa 
650 7 |2 Bộ TK TVQG 
650 7 |2 Bộ TK TVQG 
651 7 |2 Bộ TK TVQG  |a Khánh Hoà 
653 |a Lễ hội 
700 1 |a Nguyễn Tứ Hải 
OWN |a LSP 
AVA |a UDN50  |b LSP  |d 390.0959756 NG-T  |e available  |t Error 5001 Not defined in file expand_doc_bib_avail.  |f 1  |g 0  |h N  |i 0  |k 1 
999 |a From the UDN01 
AVA |a UDN50  |b LSP  |d 390.0959756 NG-T  |e available  |t Error 5001 Not defined in file expand_doc_bib_avail.  |f 1  |g 0  |h N  |i 0  |k 1 
TYP |a Monograph 
TYP |a Printed language 
980 |a Mạng thư viện Đại học Đà Nẵng